000 00708nam a2200241 i 4500
001 77967
003 ES-MaACL
005 20231216062907.0
007 t|
008 041116s1997 sp ||||0| spa j
020 _a84-239-7761-7
040 _aM-BN
_bspa
_cM-BN
080 _a323.17(460.15)
100 1 _aJuaristi, Jon,
_d1951-
_967169
245 1 3 _aEl bucle melancólico
_b: historias de nacionalistas vascos /
_cJon Juaristi.
260 _aMadrid :
_bEspasa-Calpe,
_c[1997]
300 _a389 p. ;
_c23 cm.
490 1 _aEspasa hoy
650 4 _aNacionalismo-
_zPaís Vasco.
_915458
830 0 _aEspasa hoy
_9179010
852 _aES-MaACL
_jL-28453
_bR.134554
999 _c77967
_d77967